Hauptstädte der Regionen Italiens - Statistiken

Allgemein
  • Dieses Quiz wurde 704 mal gespielt
  • Das Durchschnittsergebnis liegt bei 14 aus 20
Antwortstatistiken
Region Hauptstadt % Korrekt
Latium Rom
96%
Venetien Venedig
95%
Lombardei Mailand
92%
Toskana Florenz
91%
Sizilien Palermo
91%
Piemont Turin
89%
Kampanien Neapel
87%
Apulien Bari
86%
Emilia-Romagna Bologna
84%
Ligurien Genua
83%
Sardinien Cagliari
76%
Friaul-Julisch Venetien Triest
74%
Aostatal Aosta
68%
Trentino-Südtirol Trient
66%
Marken Ancona
52%
Umbrien Perugia
47%
Abruzzen L’Aquila
44%
Basilikata Potenza
39%
Molise Campobasso
37%
Kalabrien Catanzaro
37%
Keine übereinstimmenden Quizze gefunden
Verteilung der Resultate
Anzahl Personen mit jedem Resultat
Perzentil nach korrekt beantworteten Fragen
Ihre Resultats-Entwicklung
Sie haben dieses Quiz noch nicht gespielt